Aristotle's syllogistic : from the standpoint of modern formal logic
Saved in:
| Main Author: | |
|---|---|
| Format: | Book |
| Language: | English |
| Published: |
Oxford :
Clarendon Press,
1951.
|
| Subjects: | |
| Tags: |
Add Tag
No Tags, Be the first to tag this record!
|
MARC
| LEADER | 00000cam a2200000 i 4500 | ||
|---|---|---|---|
| 001 | 1/4757 | ||
| 008 | 100222s1951 enk| ||| |||| ||eng|| | ||
| 035 | |l 10106912 | ||
| 040 | |a GR-MyUA |b gre |e AACR2 | ||
| 041 | 0 | |a eng | |
| 082 | 0 | |a 166.092 |2 (22) | |
| 100 | 1 | |a Lukasiewicz, Jan. | |
| 245 | 1 | 0 | |a Aristotle's syllogistic : |b from the standpoint of modern formal logic / |c Jan Lukasiewicz. |
| 260 | |a Oxford : |b Clarendon Press, |c 1951. | ||
| 300 | |a x, 141 σ. ; |c 22 εκ. | ||
| 504 | |a Περιέχει ευρετήριο. | ||
| 600 | 1 | 0 | |a Αριστοτέλης, |d 384-322. |
| 650 | 0 | 0 | |a Syllogism. |
| 650 | 0 | 0 | |a Modality (Logic) |
| 650 | 0 | 0 | |a Logic. |
| 650 | 0 | 0 | |a Logic, Symbolic and mathematical. |
| 852 | |a INST |b SAMOS |c MAG |e 20100222 |h 166.092 LUK |p 005300030560 |q 005300030560 |t BK |y 0 | ||
| 901 | |a BIBL3-2010-1 | ||
| 909 | |a Σ |b 161876 | ||
| 970 | |a ΡΟΥΣΣΟΥ |b ΚΩΝΣΤΑΝΤΙΝΑ |z 2010/02/22 | ||